| 000 | 01486cam a22003977a 4500 | ||
|---|---|---|---|
| 003 | CHAP | ||
| 005 | 20220817043435.0 | ||
| 008 | 980424s1991 mx r 00110 spa d | ||
| 010 | _a75406 | ||
| 011 | _a76378 | ||
| 035 | _a85962 | ||
| 040 | _cCHAP | ||
| 082 | 0 | 4 |
_a300.18 _bM8 1991 |
| 100 | 0 | 0 |
_aMuro Bowling, Benjamín Pedro. _979782 |
| 245 | 1 | 0 |
_aMetodología y técnica de investigación social _c/por Pedro Muro Bowling |
| 250 | _aed. rev. | ||
| 260 |
_aChapingo, Méx. : _bUACH. Departamento de Sociología Rural, _c(1991). |
||
| 300 | _a359 p. | ||
| 410 | 2 | 1 | _aUACH. Departamento de Sociología Rural |
| 490 | 0 |
_aCuadernos de docencia e investigación _v; 1 |
|
| 590 |
_aBATCH-UPD _b10 _c20130110 _lUCH01 _h0511 |
||
| 590 |
_aBATCH-UPD _b10 _c20130110 _lUCH01 _h2252 |
||
| 590 |
_aBATCH-UPD _b10 _c20130410 _lUCH01 _h0149 |
||
| 590 |
_aBATCH-UPD _b10 _c20130914 _lUCH01 _h0937 |
||
| 590 |
_aCONVERSION _b10 _c20130109 _lUCH01 _h1341 |
||
| 650 | 1 | 4 |
_aCiencias sociales _xMetodología. _923230 |
| 650 | 1 | 4 |
_aInvestigación _xMetodología. _960237 |
| 810 | 0 | 0 | _aUACH. Departamento de Sociología Rural |
| 830 | 0 | 0 |
_aCuadernos de docencia e investigación _v; 1 _929769 |
| 901 | _aBK | ||
| 905 | _aGuadalupe Pinto C. | ||
| 942 | _cLIBRO | ||
| 949 |
_a300.18 M8 1991 _bBC _cLIBRO _d33724000594651 _eLIBRO _h92517 _i85962 _si |
||
| 949 |
_a300.18 M8 1991 _bBC _cLIBRO _d33724000594669 _eLIBRO _fc.2 _h92518 _i85962 _si |
||
| 949 |
_a300.18 M8 1991 _bBC _cUACH _d859623 _eUACH _fc.3 _h92519 _i85962 _sb |
||
| 999 |
_c75406 _d75406 |
||